Mother Teresa's lessons of love and secrets of sanctity (Record no. 122102)
[ view plain ]
| 000 -LEADER | |
|---|---|
| fixed length control field | 00486nam a22001577a 4500 |
| 008 - FIXED-LENGTH DATA ELEMENTS--GENERAL INFORMATION | |
| fixed length control field | 150218b xxu||||| |||| 00| 0 eng d |
| 020 ## - INTERNATIONAL STANDARD BOOK NUMBER | |
| International Standard Book Number | 9781931709767 |
| 050 ## - LIBRARY OF CONGRESS CALL NUMBER | |
| Classification number | BX4700.T4. C754 |
| 100 ## - MAIN ENTRY--PERSONAL NAME | |
| Personal name | Conroy, Susan |
| 9 (RLIN) | 15295 |
| 245 ## - TITLE STATEMENT | |
| Title | Mother Teresa's lessons of love and secrets of sanctity |
| Statement of responsibility, etc | Susan Conroy |
| 260 ## - PUBLICATION, DISTRIBUTION, ETC. (IMPRINT) | |
| Place of publication, distribution, etc | Indiana |
| Name of publisher, distributor, etc | Our Sunday visitor |
| Date of publication, distribution, etc | 2003 |
| 300 ## - PHYSICAL DESCRIPTION | |
| Extent | 239p. ; |
| Dimensions | 21cm. |
| 600 ## - SUBJECT ADDED ENTRY--PERSONAL NAME | |
| Personal name | Teresa, Mother |
| 9 (RLIN) | 15302 |
| 600 ## - SUBJECT ADDED ENTRY--PERSONAL NAME | |
| Personal name | Conroy, Susan |
| 9 (RLIN) | 15295 |
| 942 ## - ADDED ENTRY ELEMENTS (KOHA) | |
| Source of classification or shelving scheme | Library of Congress Classification |
| Item type | Monograph ( Printed materials) |
| Koha issues (borrowed), all copies | 3 |
| Withdrawn status | Lost status | Source of classification or shelving scheme | Damaged status | Not for loan | Home library | Current library | Date acquired | Total Checkouts | Full call number | Barcode | Date last seen | Date last borrowed | Price effective from | Koha item type |
|---|---|---|---|---|---|---|---|---|---|---|---|---|---|---|
| Library of Congress Classification | ARRUPE LIBRARY | ARRUPE LIBRARY | 18/02/2015 | 3 | BX4700.T4 C754 | 46500002852 | 22/11/2017 | 13/05/2015 | 18/02/2015 | Monograph ( Printed materials) |